000 nam a22 4500
999 _c8860
_d8860
008 180315b ||||| |||| 00| 0 eng d
100 _926835
_aZafra, Joanna
245 _aMoney, media, millennials: How social media influence our spending habits/
_cJoanna Zafra
260 _aPhilippines
_bPhilippines Daily Inquirer
_cc2016
300 _apage A22.
650 0 _926836
_aElectronic discussion groups.
942 _2ddc
_cPER